| Tag |
First Indicator |
Second Indicator |
Subfields |
| LEADER |
00000cam a2200000 i 4500 |
| 001 |
in00000047737 |
| 005 |
20190207093417.0 |
| 008 |
800313s1975 us a 00010 eng d |
| 035 |
|
|
|a (OCoLC)06079458
|
| 035 |
|
|
|9 AAE9823AM
|
| 040 |
|
|
|a IYU
|c IYU
|d TXA
|d UtOrBLW
|
| 049 |
|
|
|a TXAS
|c [1700204]
|
| 090 |
|
|
|a BX8481.S82
|b S25
|
| 110 |
1 |
|
|a Stamford, Texas.
|b St. John's United Methodist Church.
|b Historical Committee.
|
| 245 |
1 |
0 |
|a History of St. John's United Methodist Church and Stamford College /
|c compiled by Historical Committee on the occasion of the seventy-fifth anniversary of St. John's United Methodist Church.
|
| 264 |
|
1 |
|a [Place of publication not identified] :
|b [publisher not identified],
|c 1975.
|
| 300 |
|
|
|a 48 pages :
|b illustrations ;
|c 28 cm.
|
| 336 |
|
|
|a text
|b txt
|2 rdacontent
|
| 337 |
|
|
|a unmediated
|b n
|2 rdamedia
|
| 338 |
|
|
|a volume
|b nc
|2 rdacarrier
|
| 500 |
|
|
|a The Cushing Library/Chapman Texas Collection copy is part of the Floyd & Louise Chapman Texas & Borderlands Collection.
|5 TXA
|
| 610 |
1 |
0 |
|a St. John's United Methodist Church (Stamford, Tex.)
|x History.
|
| 610 |
2 |
0 |
|a Stamford College
|x History.
|
| 999 |
|
|
|a MARS
|
| 999 |
f |
f |
|s e9b5416d-7d31-34f1-8e67-c60a9aa747e6
|i 6993e0d6-f925-340f-997d-b5165f5e2865
|t 0
|
| 952 |
f |
f |
|p noncirc
|a Texas A&M University
|b College Station
|c Cushing Memorial Library & Archives
|d Cushing: Chapman Texas Collection (Does not check out)
|t 0
|e BX8481.S82 S25
|h Library of Congress classification
|i unmediated -- volume
|m A14852111484
|
| 998 |
f |
f |
|a BX8481.S82 S25
|t 0
|l Cushing: Chapman Texas Collection (Does not check out)
|